Preceptiva literaria y composición
Gespeichert in:
| 1. Verfasser: | |
|---|---|
| Format: | Buch |
| Sprache: | Spanisch |
| Erschienen: |
Madrid :
Sucesores de Hernando,
1913
|
| Ausgabe: | 4ª ed. |
| Katalog: | MANES: Suchergebnis im Bibliothekskatalog |
| Schulbuchspezifische Eigenschaften: |
|
| Schlagworte: | |
| Tags: |
Tag hinzufügen
Keine Tags, Fügen Sie den ersten Tag hinzu!
|
| Hinzugefügt zu: | 11.09.1995 |
| Geändert in: | 07.05.2025 |
MARC
| LEADER | 00000cam a2200000 i 4500 | ||
|---|---|---|---|
| 005 | 20250507134410.0 | ||
| 008 | 950912s1913 esp f 000 0 spa d | ||
| 040 | |a uned |b spa |c entro-manes | ||
| 100 | 1 | |a Sánchez, José Rogerio |9 21238 | |
| 245 | 1 | 0 | |a Preceptiva literaria y composición / |c por José Rogerio Sánchez |
| 250 | |a 4ª ed. | ||
| 260 | |a Madrid : |b Sucesores de Hernando, |c 1913 | ||
| 300 | |a 236 p. | ||
| 500 | |a En port.: Obra declarada de mérito por R.O. de 1904 | ||
| 546 | |a España | ||
| 561 | |5 es-BUNED |3 L.T. 3437 |a España. Fondo Manes UNED |k MANES | ||
| 690 | 0 | |a LEN | |
| 650 | 7 | |a Redacción |9 37547 |a Figuras del lenguaje |9 37548 | |
| 942 | |2 ddc |c BK | ||
| 999 | |c 93545 |d 93545 | ||
| 999 | |c manes:93545 |d 93545 | ||